Les valeurs des jetons de casino - Statistiques

Statistiques générales
  • Ce quiz a été pris 108 fois
  • Le résultat moyen est 7 sur 8
Statistiques - réponses
Couleur Valeur (en dollars) % Correct
Blanc/Gris 1
100%
Bleu 10 ou 50
100%
Rouge 5 ou 25
100%
Noir 100
90%
Jaune 1000
87%
Violet 500
87%
Orange 5000
82%
Vert 25
74%
Aucun quiz correspondant
Distribution des résultats
% des personnes avec chaque résultat
Percentile par nombre de réponses
Votre historique - résultats
Vous n’avez pas pris ce quiz